| 000 | 00596nam a22002057a 4500 | ||
|---|---|---|---|
| 999 |
_c18736 _d18736 |
||
| 003 | AR-CdUCM | ||
| 008 | 190515b ||||| |||| 00| 0 spa d | ||
| 040 |
_aMUNICIPALIDAD PROVINCIAL DEL CUSCO _cBIBLIOTECA MUNICIPAL DEL CUSCO |
||
| 082 |
_a869.56 / _bP163 |
||
| 100 |
_aPaliza Gallegos, Alberto _939498 |
||
| 245 | _aPoesía cusqueña / | ||
| 260 |
_aCusco : _c1986. |
||
| 300 |
_a109 páginas ; _c21 cm. |
||
| 505 | _aContenido: Poesía cusqueña. | ||
| 650 |
_aPoemas _9929 |
||
| 650 |
_aCusco _9772 |
||
| 650 |
_aPluma dormida _939499 |
||
| 942 |
_2ddc _cLIBROS |
||
| 945 |
_adavv _d2019-05-15 |
||